00807 2200289 4500001002100000005001700021008004100038020001800079035002400097082001100121084002000132100001800152245009200170250001100262260002500273300003100298500002500329650003100354700001600385700002100401700001700422850001200439990002100451999001500472999001500487999001500502YOGYA-0209000007279020170105153843.0 ind  a979-3800-46-1 0010-020900000072790 a028.55 aK 028.55bUta K aUTAMIA, Nunik aKeajaiban bungac/ Nanik Utami A, Dewi Rikha K, Theresia Anik S; ilustrasi, Dodi Rosadi aCet. 2 aBandungbCintac2007 a195 hlm. :bilus. ;c20 cm aBibliografi: hlm.191 aBunga - Bacaan kanak-kanak aRieka, Dewi aAnik S, Theresia aRosadi, Doni aYOPDYOG a1518 - PD / P.08 a08P0001518 a08P0001519 a08P0001520